Textbook Of Fluid Mechanics And Hydraulic Machines In SI Units (Record no. 340331)
[ view plain ]
| 000 -LEADER | |
|---|---|
| fixed length control field | 00526nam a2200181Ia 4500 |
| 008 - FIXED-LENGTH DATA ELEMENTS--GENERAL INFORMATION | |
| fixed length control field | 230718s9999 xx 000 0 und d |
| 020 ## - INTERNATIONAL STANDARD BOOK NUMBER | |
| International Standard Book Number | 9788121916660 |
| 041 ## - LANGUAGE CODE | |
| Language code of text/sound track or separate title | eng |
| 082 ## - DEWEY DECIMAL CLASSIFICATION NUMBER | |
| Classification number | 620.106 |
| Item number | RAJ |
| 100 ## - MAIN ENTRY--PERSONAL NAME | |
| Personal name | Rajput R.K. |
| 9 (RLIN) | 137180 |
| 245 ## - TITLE STATEMENT | |
| Title | Textbook Of Fluid Mechanics And Hydraulic Machines In SI Units |
| 250 ## - EDITION STATEMENT | |
| Edition statement | Revised ed. |
| 260 ## - PUBLICATION, DISTRIBUTION, ETC. (IMPRINT) | |
| Date of publication, distribution, etc. | 2014 |
| Name of publisher, distributor, etc. | S.Chand & Company |
| 300 ## - PHYSICAL DESCRIPTION | |
| Extent | 1526 |
| 365 ## - TRADE PRICE | |
| Currency code | Rs. |
| Price amount | 850.00 |
| 700 ## - ADDED ENTRY--PERSONAL NAME | |
| Personal name | Rajput R.K. |
| 9 (RLIN) | 137180 |
| 906 ## - LOCAL DATA ELEMENT F, LDF (RLIN) | |
| d | O:0463811-Sep-2015B:SE/SI/213227-Aug-2015 |
| c | MECH |
| b | 935 |
| Withdrawn status | Lost status | Damaged status | Not for loan | Home library | Current library | Date acquired | Vendor | Budget Code | Cost, normal purchase price | Bill number | Total Checkouts | Full call number | Barcode | Date last seen | Date last checked out | Discount | Cost, replacement price | Bill Date | Koha item type | Original Barcode |
|---|---|---|---|---|---|---|---|---|---|---|---|---|---|---|---|---|---|---|---|---|
| Cummins College of Engineering for Women Pune | Cummins College of Engineering for Women Pune | 11/09/2015 | Suyog Enterprises | MECH | 663.00 | SE/SI/2132 | 10 | 620.106 | CCEP-BK-51538 | 29/05/2025 | 22/05/2025 | 935 | 850.00 | 27/08/2015 | Books | 051538 |